| 000 | 00344cam a22001097a 4500 | ||
|---|---|---|---|
| 008 | 180718b1974 xxu||||| |||| 00| 0 eng d | ||
| 082 | _aR I5372064 Au34 | ||
| 245 |
_aThe Auerbach annual: best computer paper _ced. by Isaac L. Auerbach |
||
| 260 |
_aNew York _bPerroceli books _c1974 |
||
| 650 | _aComputers - Yearbook | ||
| 700 | _aAuerbach, Isaac L. | ||
| 999 |
_c340475 _d340475 |
||